000 00466nam a22001817a 4500
003 CEME
005 20210628202012.0
008 210129b xxu||||| |||| 00| 0 eng d
020 _a1-84135-062-1
040 _c.
082 _a823.008 BLY
100 _aBlyton,Enid
_911689
245 _aThe magic watering can and other stories
260 _aLONDON
_bAWARD PUBLICATION
_c2002
300 _a191
650 _aENGLISH LITERATURE- STORIES
_91860
942 _cBK
_2ddc
999 _c568075
_d568075